| 000 | 00820cam a2200265 i 4500 | ||
|---|---|---|---|
| 999 |
_c200444467 _d62679 |
||
| 003 | TR-AnTOB | ||
| 005 | 20230810162644.0 | ||
| 007 | ta | ||
| 008 | 221010b1967 tu 000 0 tur d | ||
| 040 |
_aTR-AnTOB _beng _erda _cTR-AnTOB |
||
| 041 | 0 | _atur | |
| 050 |
_aHD9661.T92 _bP53 1967 |
||
| 090 |
_aHD9661.T92 _bP53 1967 |
||
| 245 | 0 | 0 |
_aPlâstik sanayii, 1966 / _c[Hazırlayan] İstanbul Ticaret Odası |
| 264 | 1 |
_aİstanbul : _bİstanbul Ticaret Odası, _c1967. |
|
| 300 |
_a71 pages : _btables ; _c21 cm |
||
| 336 |
_2rdacontent _atext _btxt |
||
| 337 |
_2rdamedia _aunmediated _bn |
||
| 338 |
_2rdacarrier _avolume _bnc |
||
| 650 | 0 |
_aPlastik endüstrisi ve ticareti _zTürkiye _9102103 |
|
| 710 | 2 | 0 |
_aİstanbul Ticaret Odası _919571 |
| 942 |
_2lcc _cBK |
||